MARC

LEADER 00000nam0a2200000 4500
001 78763
005 20231101213019.0
010 |a 5769517328 
035 |a (RuTPU)RU\TPU\book\84552 
090 |a 78763 
100 |a 20050701d2004 m y0rusy50 ca 
101 0 |a rus 
102 |a RU 
105 |a a j 001zy 
200 1 |a Инженерная графика (металлообработка)  |e учебник для среднего профессионального образования  |f А. М. Бродский, Э. М. Фазлулин, В. А. Халдинов 
205 |a 2-е изд., стер. 
210 |a Москва  |c Академия  |d 2004 
215 |a 399 с.  |c ил. 
225 1 |a Среднее профессиональное образование. Общепрофессиональные дисциплины 
320 |a Библиогр.: с. 396 
606 1 |a Инженерная графика  |2 stltpush  |3 (RuTPU)RU\TPU\subj\39243  |9 59411 
610 1 |a геометрические построения 
610 1 |a начертательная геометрия 
610 1 |a чертежи 
610 1 |a выполнение 
610 1 |a правила 
610 1 |a детали 
610 1 |a соединения 
610 1 |a сборочные чертежи 
610 1 |a схемы 
610 1 |a машинная графика 
610 1 |a автоматизированное проектирование 
610 1 |a AutoCAD 
610 1 |a учебники 
675 |a 76:621(075.32)  |v 3 
700 1 |a Бродский  |b А. М.  |g Абрам Моисеевич 
701 1 |a Фазлулин  |b Э. М.  |g Энвер Мунирович 
701 1 |a Халдинов  |b В. А.  |g Виктор Алексеевич 
801 1 |a RU  |b 63413507  |c 20050701  |g PSBO 
801 2 |a RU  |b 63413507  |c 20210610  |g PSBO 
900 |a Инженерная графика 
900 |a Обработка металлов давлением 
942 |c BK 
952 |a 550000  |b 030500 
959 |a 57/20050630  |d 2  |e 0  |f НФ:2